000 00544nam a2200193Ia 4500
005 20250508155552.0
008 008 250505s9999 xx 000 0 eng d
037 _aBooks to be hide in OPAC
040 _aFEDL
_beng
_cFEDL
041 _aeng
_2eng
084 _a370.954, IND/O
_qFEDL
245 0 _aEducation in India 1955-56. Vol 1
245 0 _cIndia
260 _aDelhi, India
_bManager of Publications
_c1958
300 _avii,325p.
650 _aEducation
942 _cHB
_h370.954, IND/O
999 _c1357847
_d1357847